000 00239 a2200097 4500
001 50879
100 _aIntroduction Lab Office
245 _aIntroduction to work study
260 _a
_bInternational labour Office
_c
090 _c32251
_d32251
942 _aNUST-CAE
_cM
_c24727
999 _c285952
_d285952